| 000 | 01592aam a2200385 i 4500 | ||
|---|---|---|---|
| 001 | 768714001 | ||
| 003 | CO-MdFUSB | ||
| 005 | 20250905164617.0 | ||
| 007 | ta | ||
| 008 | 240704t1993 ck |||| |||| 00| 0 spa d | ||
| 020 | _a1-56063-440-5 | ||
| 040 | _cCO-MdFUSB | ||
| 041 | 0 |
_aspa _heng |
|
| 082 | 0 | 4 |
_a261.7 _bC198 |
| 100 | 1 |
_aCampolo, Anthony, Jr. _eautor |
|
| 240 | _aThe power delusion | ||
| 245 | 1 | 3 |
_aEl engaño del poder _c/ Anthony Campolo, Jr. ; traducido por Stanley D. Slaoe |
| 250 | _aPrimera edición | ||
| 264 | 1 |
_bUnilit, _aMiami, Florida : _c[1993] |
|
| 264 | 4 | _c©1993 | |
| 300 |
_a174 páginas _c; 21 cm |
||
| 336 |
_2rdacontent _atexto _btxt |
||
| 337 |
_2rdamedia _asin mediación _bn |
||
| 338 |
_2rdacarrier _avolumen _bnc |
||
| 505 | _aAnsias de poder en el reino de paz. -- El machista religioso. -- La mano que sostiene el balance. -- Caos en el campo infantil. -- Los terrores santos. -- El poder santificado. -- La autoridad gloriosa. -- El costo terrible del amor vencedor. -- Cuando todo lo demás falla. -- Hace falta gente buena en un mundo malo. -- Nuestro quehacer antes de la segunda venida. -- El resentimiento. -- Viviendo sin el poder. | ||
| 563 | _aRústico | ||
| 650 | 7 |
_aSociología cristiana _9405 |
|
| 653 | _aCristianismo -- Aspectos sociales. | ||
| 653 | _aPoder -- (Ciencias sociales) -- Aspectos religiosos -- Cristianismo. | ||
| 653 | _aAutoridad -- Aspectos religiosos -- Cristianismo. | ||
| 653 | _aIglesia y política | ||
| 700 |
_aSlaoe, Stanley D., _910195 _etraductor |
||
| 942 | _cBK | ||
| 945 | _aJTF-925 | ||
| 999 |
_c44151 _d44151 |
||